01739nam a2200229 i 4500003000900000005001700009007000300026008004100029020001800070040003000088041000800118082001900126100004300145245009700188264004900285300002500334336002700359337003300386338002800419500005700447520100500504DO-SdBNP20250827085535.0ta250827t2025 dr 000 0 spa d z9789945656428 aDO-SdBNPbspacBNPHUerda aspa axxxxbM5532221 aMercedes, Natanaeld1973-eautor4aut.10aPrincipios bíblicos eternos versus regulaciones bíblicas temporales /cNatanael Mercedes 1aSanto Domingo :bEditorial Santuario,c2025. a94 páginasc23 cm. atextobtxt2rdacontent asin mediaciónbn2rdamedia avolumenbnc2rdacarrier aIncluye datos biográficos del autor en la solapas. aEn un mundo lleno de diversas interpretaciones, doctrinas y aplicaciones de las Escrituras, es fundamental recordar que los principios bíblicos son superiores en jerarquía doctrinal a los capítulos y versículos que componen la Biblia. Aunque las Escrituras contienen instrucciones, leyes y ejemplos específicos —que fueron relevantes en sus respectivos contextos históricos—, los principios que subyacen a esas palabras son universales, eternos y reflejan el carácter inmutable de Dios. Este tema que abordaré, “Principios bíblicos eternos versus regulaciones bíblicas temporales”, pretende desafiar una lectura literalista de las Escrituras y enfatiza la necesidad de comprender los principios eternos de Dios que están detrás de las leyes o mandatos específicos mencionados en los versículos o capítulos. Estos principios no solo nos guían, sino que también deben ser considerados al momento de realizar una correcta interpretación de la palabra de Dios.